| 000 | 01421cam a22004334a 4500 | ||
|---|---|---|---|
| 001 | 58988 | ||
| 005 | 20230410105510.0 | ||
| 008 | 070609s2007 enk b 001 0 eng | ||
| 010 | _a 2007389983 | ||
| 035 | _a(OCoLC)ocm77797451 | ||
| 040 |
_aDLC _cDLC _dUKM _dYDXCP _dTXA _dOCLCG |
||
| 015 |
_aGBA703162 _2bnb |
||
| 016 | 7 |
_a013640285 _2Uk |
|
| 020 | _a9781861978158 | ||
| 020 | _a1861978154 | ||
| 025 | _aI-E-2007-389983; 63-91; 92-91 | ||
| 029 | 1 |
_aYDXCP _b100460336 |
|
| 029 | 1 |
_aNZ1 _b11192553 |
|
| 029 | 1 |
_aAU@ _b000041608988 |
|
| 035 | _a(OCoLC)77797451 | ||
| 037 |
_bLibrary of Congress -- New Delhi Overseas Office _cRs250.00 |
||
| 042 | _alcode | ||
| 043 |
_aa-cc--- _aa-ii--- |
||
| 050 | 1 | 4 |
_aHC 427.95 _bS645d 2007 |
| 082 | 0 | 0 | _a337.51073 |
| 100 | 1 |
_aSmith, David, _d1954- |
|
| 245 | 1 | 4 |
_aThe dragon and the elephant : _bChina, India, and the new world order / _cDavid Smith. |
| 260 |
_aLondon : _bProfile Books : _bDistributed by Viva Books, _c2007. |
||
| 300 |
_a266 p. ; _c24 cm. |
||
| 504 | _aIncludes bibliographical references (p. [239]-252)and index. | ||
| 651 | 0 |
_aChina _xEconomic conditions. |
|
| 651 | 0 |
_aIndia _xEconomic conditions. |
|
| 650 | 0 | _aGeopolitics. | |
| 938 |
_aYBP Library Services _bYANK _n100460336 |
||
| 856 | 4 | 2 |
_3Mas?... busque en WorldCat (solo desde FUNGLODE) _uwww.firstsearch.oclc.org/fsip |
| 942 |
_2lcc _cbk |
||
| 946 | _amfcruz | ||
| 994 |
_aC0 _bDRFGD |
||
| 999 |
_c37963 _d37963 |
||